000 00539nam a2200193 a 4500
001 3443
005 20140414131955.0
008 060327s19uu xx 00 eng d
020 _a0-02-831066-7
050 _aTR 372.4
_bB35 2000
100 _aBereiter, Carl
245 _aReading and writing workbook /
_cCarl Bereiter.
260 _aColumbus, Ohio :
_bSRA/McGraw-Hill,
_c2000.
300 _a174 p. ; cm.
440 _aSRA Open Court Reading, Blue
526 _cGrade 3
650 _aReading
_xStudy and teaching.
999 _c112891
_d112891